000 00797nam a2200229 a 4500
003 CBULib
005 20231121100518.0
008 130107s2012 ||||||||||||||||| || u
040 _aCBULib
_bEnglish
_cCBULib
_erda
041 _aeng
050 _aUNCTAD(02)2012/6
110 _aUnited Nations Conference on Trade and Development (UNCTAD)
245 1 0 _aUNCTAD XIII, Doha mandate and Doha Manar
_c/ by United Nations Conference on Trade and Development [UNCTAD]
260 _aGeneva :
_c2012
_bUnited Nations,
300 _aix, 26 pages : illustrations
336 _2rdacontent
_aText |
_btxt
337 _2rdamedia
_aUnmediated |
_bn
338 _2rdacarrier
_aVolume
_bnc
650 _aTRADE AND DEVELOPMENT
942 _2mc
_c029
999 _c60624
_d60624